The Nano-Micro interface : Bridging the micro and nano worlds

Đã lưu trong:
书目详细资料
格式: 图书
语言:Undetermined
出版: Germany Wiley-CVH 2004
主题:
标签: 添加标签
没有标签, 成为第一个标记此记录!
Thư viện lưu trữ: Trung tâm Học liệu Trường Đại học Cần Thơ
LEADER 00541nam a2200193Ia 4500
001 CTU_94713
008 210402s9999 xx 000 0 und d
020 |c 130.95 
082 |a 620.5 
082 |b N186 
245 4 |a The Nano-Micro interface : 
245 0 |b Bridging the micro and nano worlds 
245 0 |c Hans- Jorg Fecht, Matthias Werner edited 
260 |a Germany 
260 |b Wiley-CVH 
260 |c 2004 
650 |a Nanotechnology,Microtechnology 
904 |i Năm 
980 |a Trung tâm Học liệu Trường Đại học Cần Thơ